[Event "IND-chT (Women) 13th"]
[Site "Goa"]
[Date "2015.02.22"]
[Round "3"]
[White "Soumya, Swaminathan"]
[Black "Smita, Choudhary"]
[Result "1-0"]
[WhiteElo "2346"]
[BlackElo "1580"]
[PlyCount "67"]
[EventDate "2015.02.20"]
[EventType "team-tourn"]
[EventRounds "7"]
[EventCountry "IND"]
[SourceTitle "CBM 165 Extra"]
[Source "ChessBase"]
[SourceDate "2015.04.21"]
[SourceVersion "1"]
[SourceVersionDate "2015.04.21"]
[SourceQuality "1"]
[WhiteTeam "Petroleum Sports (W)"]
[BlackTeam "Bihar (W)"]
[WhiteTeamCountry "IND"]
[BlackTeamCountry "IND"]

1. e4 e5 2. Nf3 Nc6 3. Bb5 d6 4. d4 exd4 5. Nxd4 Bd7 6. Nc3 Nf6 7. Bxc6 bxc6 8. Qf3 c5 9. Nf5 Bxf5 10. exf5 Rb8 11. b3 d5 12. 0-0 Be7 13. Bb2 0-0 14. Rad1 c6 15. Na4 Bd6 16. c4 Ne4 17. cxd5 cxd5 18. Qg4 Nf6 19. Bxf6 Qxf6 20. Rxd5 Rb4 21. Qf3 Rf4 22. Qd3 Rd4 23. Rxd4 cxd4 24. Rd1 Rd8 25. g3 Bc7 26. Qe4 Kf8 27. Nc5 Bb6 28. Nd3 Qe7 29. Qg4 Qf6 30. Re1 Rd5 31. Qe4 Rd8 32. Ne5 Qd6 33. f6 Qxf6 34. Nd7+ 1-0

[Event "IND-chB (Women) 41st"]
[Site "Mapusa"]
[Date "2014.09.09"]
[Round "4"]
[White "Singh, Neha"]
[Black "Smita, Choudhary"]
[Result "1-0"]
[WhiteElo "2048"]
[BlackElo "1651"]
[PlyCount "37"]
[EventDate "2014.09.07"]
[EventType "swiss"]
[EventRounds "11"]
[EventCountry "IND"]
[SourceTitle "CBM 162 Extra"]
[Source "ChessBase"]
[SourceDate "2014.10.17"]
[SourceVersion "1"]
[SourceVersionDate "2014.10.17"]
[SourceQuality "1"]

1. e4 e5 2. Nf3 Nc6 3. Bb5 d6 4. d4 exd4 5. Nxd4 Bd7 6. Bxc6 bxc6 7. Nc3 Nf6 8. Qf3 Ng4 9. Bd2 Be7 10. Nxc6 Nxh2 11. Rxh2 Bxc6 12. 0-0-0 Bf6 13. Nd5 Be5 14. Rh5 g6 15. Rxe5+ dxe5 16. Nf6+ Kf8 17. Bh6+ Ke7 18. Rxd8 Raxd8 19. Bg7 1-0